000 00365nam a22001097a 4500
999 _c13970
_d13970
082 _a297
100 _aحضرت مولانا ڈاکٹر محمّد عبد الحیی نورالله مرقدہ
245 _aاسوہ رسول اکرم صلی الله علیہ وسلم
260 _aاردو بازار کراچی
_bگابا پبلشرز
300 _a460
942 _cBK